000 00347pam a2200157a 44500
008 230515b1973 xxu||||| |||| 00| 0 eng d
020 _aNULL
041 _aENGLISH
082 _aN.D.
100 _aTorsomm
245 _aSpecificaion For Go & No. Go Snap
250 _a0
260 _aNULL
_bIndian Std.
_c1973
300 _a4
650 _aNULL
999 _c574386
_d574386